000
00265nam a22001217a 4500
082
_a
540 BRI'C
100
_a
BRISCOE, HERMAN T
_9
40108
245
_a
COLLEGE CHEMISTRY
250
_a
4TH
260
_a
BOSTON
_b
HOUGHTON MIFFLIN
_c
1951
300
_a
564P
942
_c
BK
999
_c
569552
_d
569552